000
00211 a2200097 4500
001
28986
100
_a
Houp K.W
245
_a
Reporting Tech Information
260
_a
_b
Glencoe Press
_c
090
_c
19377
_d
19377
942
_a
NUST-CAE
_c
M
_c
10421
999
_c
264059
_d
264059